Tweet, oompa, bumpety-boom! (Record no. 6721)

MARC details
000 -LEADER
fixed length control field 01121nam a22002777a 4500
001 - CONTROL NUMBER
control field 6721
003 - CONTROL NUMBER IDENTIFIER
control field FISKH
005 - DATE AND TIME OF LATEST TRANSACTION
control field 20250820110117.0
008 - FIXED-LENGTH DATA ELEMENTS--GENERAL INFORMATION
fixed length control field 250522b cb ||||| |||| 00| 0 eng d
020 ## - INTERNATIONAL STANDARD BOOK NUMBER
International Standard Book Number 087577919225
040 ## - CATALOGING SOURCE
Original cataloging agency FISKH
Language of cataloging eng
Transcribing agency FISKH
Modifying agency FISKH784.192 LCC ML460.D56
050 ## - LIBRARY OF CONGRESS CALL NUMBER
Classification number ML460.D56
082 ## - DEWEY DECIMAL CLASSIFICATION NUMBER
Classification number 784.192
100 ## - MAIN ENTRY--PERSONAL NAME
Personal name Domnauer, Teresa
245 ## - TITLE STATEMENT
Title Tweet, oompa, bumpety-boom!
Statement of responsibility, etc. by Teresa Domnauer
260 ## - PUBLICATION, DISTRIBUTION, ETC.
Place of publication, distribution, etc. Columbus :
Name of publisher, distributor, etc. School Specialty Publishing,
Date of publication, distribution, etc. 2000.
300 ## - PHYSICAL DESCRIPTION
Extent 32 pages :
Other physical details color illustrations ;
Dimensions 23 cm
490 ## - SERIES STATEMENT
Series statement Polooza Readers
Volume/sequential designation 2
505 ## - FORMATTED CONTENTS NOTE
Formatted contents note E<br/>
520 ## - SUMMARY, ETC.
Summary, etc. What is that strum-strumming sound? Discover how each musical instrument––and its musical “family”––is unique in shape and sound! John Lithgow is dedicated to introducing developing readers to the wonderful worlds of arts and literacy. Turn the page and join his character, Farkle McBride, on a fascinating, fun reading adventure!
521 8# - TARGET AUDIENCE NOTE
Target audience note 160<br/>
Source Lexile estimate <br/>
521 8# - TARGET AUDIENCE NOTE
Target audience note E<br/>
Source Raz-Plus
650 ## - SUBJECT ADDED ENTRY--TOPICAL TERM
Topical term or geographic name entry element Musical Instruments
Form subdivision Non-fiction
942 ## - ADDED ENTRY ELEMENTS (KOHA)
Source of classification or shelving scheme Dewey Decimal Classification
Koha item type Books
Suppress in OPAC No
Holdings
Withdrawn status Lost status Source of classification or shelving scheme Damaged status Not for loan Collection Home library Current library Shelving location Date acquired Total Checkouts Full call number Barcode Date last seen Copy number Price effective from Koha item type
    Dewey Decimal Classification     Non-Fiction Footprints International School Library Network Toul Kork Campus Footprints International School Library Network Toul Kork Campus TK Primary Library Room(4th Floor), Bookcase 7, Shelves 57-60, Dark Green Books 05/22/2025   DOM 784.192 ML460.D56 FISTK00690 05/22/2025 1 05/22/2025 Books
    Dewey Decimal Classification     Non-Fiction Footprints International School Library Network Toul Tom Poung Campus Footprints International School Library Network Toul Tom Poung Campus TTP Primary Green Bookshelves 08/20/2025   DOM 784.192 ML460.D56 FIS02586 08/20/2025 2 08/20/2025 Books